[Event "ICS rated blitz match"]
[Site "207.99.83.227"]
[Date "1999.04.13"]
[Round "?"]
[White "kaspinha"]
[Black "Hossa"]
[Result "1-0"]
[WhiteElo "2127"]
[BlackElo "2478"]
[Annotator "Crafty v16.6"]
[PlyCount "118"]

{annotating for player Hossa using a scoring margin of +0.10 pawns. search
time limit is 20.00} 1. e4 1... e5 2. Nf3 Nc6 3. Bc4 Bc5 ({8:-0.50} 3... Bc5 4.
Qe2 d6 5. O-O f5 6. Nc3 Nf6 7. a3 fxe4 8. Nxe4 $14) ({8:-0.18} 3... f5 4. d3
fxe4 5. dxe4 Nf6 6. Bg5 h6 7. Bxf6 Qxf6 8. O-O $10) 4. O-O Nf6 5. d3 O-O 6. Bg5
d6 7. c3 Bg4 8. a4 Na5 ({8:-2.53} 8... Na5 9. b4 Nxc4 10. dxc4 Bb6 11. a5 h6
12. Bxf6 Bxf2+ 13. Rxf2 13... Qxf6 $18) ({8:-0.35} 8... a5 9. Re1 Qe7 10. Nbd2
Nd8 11. h3 Be6 12. Qe2 $14) 9. Ba2 Nc6 10. b4 Nxb4 11. cxb4 Bd4 12. Nbd2 Bxa1
13. Qxa1 Qe7 ({8:-1.35} 13... Qe7 14. Qc3 Rac8 15. Nh4 c6 16. Re1 c5 17. b5 $16
) ({8:-0.84} 13... a5 14. b5 h6 15. Bxf6 Qxf6 16. Bd5 Rab8 17. Ne1 17... Qf4
$16) 14. Rc1 c6 15. a5 Rac8 ({9:-1.34} 15... Rac8 16. Be3 Ra8 17. Qc3 Nh5 18.
h3 Be6 19. Bg5 19... Nf6 $16) ({9:-1.10} 15... h6 16. Be3 Bh5 17. h3 Rfc8 18.
Qc3 b6 19. g4 19... Bg6 $16) 16. Qc3 c5 17. b5 Be6 ({9:-1.50} 17... Be6 18. Bb3
Bd7 19. Bc4 Be6 20. Rc2 h6 21. Bxe6 Qxe6 22. Bh4 $16) ({9:-1.35} 17... h6 18.
Bxf6 Qxf6 19. Bd5 Rc7 20. Qc4 Rd7 21. h3 Be6 22. Bxe6 $16) 18. Bc4 Kh8 19. Nf1
Bg4 20. N3d2 Be6 21. Ne3 Rg8 22. Rf1 Bxc4 ({8:-1.96} 22... Bxc4 23. dxc4 Qe6
24. Qd3 Nh5 25. Nf5 f6 26. Bh4 26... d5 $18) ({8:-1.72} 22... Rce8 23. Bxe6
Qxe6 24. Qc4 Nh5 25. Nd5 Qg4 26. Nf3 26... Rgf8 $18) 23. dxc4 Qe6 24. Bxf6 Qxf6
25. Nd5 Qe6 26. Nf3 Rcd8 ({10:-2.11} 26... Rcd8 27. Ng5 Qg6 28. Qe3 Rge8 29.
Re1 h6 30. Nf3 Qg4 31. Rd1 $18) ({10:-1.94} 26... Rge8 27. Nh4 Qg4 28. Nf5 Re6
29. Qd3 29... Rd8 $18) 27. Ra1 Qg4 28. Qe3 f5 ({9:-2.39} 28... f5 29. h3 Qh5
30. Qg5 Qxg5 31. Nxg5 Rd7 32. exf5 Rf8 33. g4 33... Kg8 $18) ({9:-1.87} 28...
Rgf8 29. h3 Qh5 30. Rd1 f5 31. exf5 Qxf5 32. Nh4 Qf7 33. Nf3 $18) 29. h3 Qh5
30. exf5 Rgf8 31. Nd2 Rxf5 32. Ne4 Rff8 33. a6 bxa6 34. Rxa6 Qd1+ 35. Kh2 Qc2
36. Rxa7 Qxc4 37. Nc7 Qf7 38. b6 d5 39. Ng5 Qxf2 40. Qxf2 Rxf2 41. Nxd5 h6 42.
Nf7+ Rxf7 43. Rxf7 Kh7 44. b7 Rb8 45. g4 Kg6 46. Rc7 c4 47. Ne7+ Kg5 48. Nc6
Rxb7 49. Rxb7 Kf6 50. Nxe5 Kxe5 51. Rxg7 c3 52. Rc7 Kd4 53. h4 Kd3 54. g5 h5
55. g6 c2 56. g7 c1=N 57. g8=Q Ne2 58. Qg6+ Kd4 59. Qd6+ Ke3 1-0

[Event "ICS rated blitz match"]
[Site "207.99.83.227"]
[Date "1999.04.13"]
[Round "?"]
[White "Hossa"]
[Black "SABINAH"]
[Result "1-0"]
[WhiteElo "2450"]
[BlackElo "2079"]
[PlyCount "51"]

1. e4 c6 2. Nc3 d5 3. exd5 cxd5 4. Nf3 Bg4 5. Be2 Nc6 6. O-O e6 7. d3 Nf6 8.
Bg5 Bd6 9. Nb5 Bb8 10. Nd2 Bxe2 11. Qxe2 a6 12. Nc3 O-O 13. Nf3 h6 14. Bxf6
Qxf6 15. Rae1 b5 16. Kh1 Bc7 17. Qe3 Rac8 18. d4 Na5 19. Ne5 Bxe5 20. dxe5 Qd8
21. Qf4 Nc4 22. Nd1 Qc7 23. c3 Nb6 24. Qg3 Na4 25. Rg1 Qc4 26. b3 {
SABINAH resigns} 1-0

[Event "ICS rated blitz match"]
[Site "207.99.83.227"]
[Date "1999.04.13"]
[Round "?"]
[White "SABINAH"]
[Black "Hossa"]
[Result "0-1"]
[WhiteElo "2076"]
[BlackElo "2453"]
[PlyCount "63"]

1. e4 d6 2. d4 e6 3. Nc3 Nf6 4. Be3 Nc6 5. f3 Be7 6. Qd2 O-O 7. O-O-O d5 8. g4
dxe4 9. fxe4 Nxg4 10. Kb1 Nxe3 11. Qxe3 Bg5 12. Qg3 Bf6 13. e5 Bh4 14. Qe3 Bg5
15. Qg3 Kh8 16. Nf3 Bh6 17. Rg1 a5 18. Bd3 f5 19. exf6 Qxf6 20. Ne5 Nxe5 21.
dxe5 Qe7 22. Qe1 Qc5 23. Qe4 Rf5 24. Qh4 Rf4 25. Qd8+ Rf8 26. Qh4 Qxe5 27. Ne4
Bd7 28. Ng5 Qf4 29. Qh5 Be8 30. Qg4 Qxg4 31. Rxg4 Bh5 32. Nxe6 {SABINAH resigns
} 0-1

[Event "ICS rated blitz match"]
[Site "207.99.83.227"]
[Date "1999.04.13"]
[Round "?"]
[White "Hossa"]
[Black "SABINAH"]
[Result "1-0"]
[WhiteElo "2456"]
[BlackElo "2073"]
[PlyCount "89"]

1. e4 c6 2. Nc3 d5 3. exd5 cxd5 4. Nf3 Bg4 5. Be2 Nc6 6. O-O e6 7. d3 Nf6 8.
Bg5 Bd6 9. Nb5 Bb8 10. Nd2 Bxe2 11. Qxe2 O-O 12. Nf3 a6 13. Nc3 h6 14. Bxf6
Qxf6 15. Rae1 b5 16. Kh1 Bd6 17. Qe3 Rac8 18. d4 Na5 19. Ne5 Bxe5 20. dxe5 Qg6
21. Qb6 Nc4 22. Qxa6 Qxc2 23. Re2 Qd3 24. Rd1 Qf5 25. Qxb5 Rb8 26. Qd7 Rxb2 27.
Nxd5 Qg4 28. Ne7+ Kh8 29. Rxb2 Nxb2 30. Re1 Qb4 31. Rc1 Nc4 32. Qd4 Qxe7 33.
Rxc4 Qa3 34. Qd6 Qa8 35. h4 Rd8 36. Qe7 Rd1+ 37. Kh2 Qd5 38. Rc8+ Kh7 39. Qxf7
Qxe5+ 40. f4 Qe1 41. Qg8+ Kg6 42. f5+ Kxf5 43. Qf7+ Kg4 44. Rc4+ Qe4 45. Rxe4#
{SABINAH checkmated} 1-0

[Event "ICS rated blitz match"]
[Site "207.99.83.227"]
[Date "1999.04.13"]
[Round "?"]
[White "j724"]
[Black "Hossa"]
[Result "1-0"]
[WhiteElo "2240"]
[BlackElo "2459"]
[Annotator "Crafty v16.6"]
[PlyCount "75"]

{annotating for player Hossa using a scoring margin of +0.10 pawns. search
time limit is 20.00} 1. d4 1... Nf6 2. Nf3 e6 3. Bf4 Bb4+ 4. c3 Be7 5. Nbd2 Nh5
6. Bg3 O-O 7. e4 d6 8. Bd3 Nd7 9. Rc1 Nxg3 10. hxg3 e5 11. Bc4 Bf6 12. Nf1 Nb6
13. Bb3 Qe7 ({8:+0.92} 13... Qe7 14. d5 Nd7 15. N1d2 Nc5 16. O-O Nxb3 17. Nxb3
17... Bg4 $17) ({8:+1.16} 13... exd4 14. Nxd4 Qe7 15. Nd2 Bg5 16. f4 Bh6 17.
O-O $17) 14. Qe2 Bg4 ({8:+0.74} 14... Bg4 15. Ne3 Bxf3 16. Qxf3 exd4 17. Nf5
Qd8 18. cxd4 18... Re8 $17) ({8:+1.42} 14... exd4 15. Nxd4 c5 16. Nf5 Bxf5 17.
exf5 c4 18. Bc2 Be5 19. Kd1 $17) 15. Ne3 Bg5 16. Rd1 Bxf3 ({9:+0.28} 16... Bxf3
17. gxf3 a5 18. Nf5 Qf6 19. a4 exd4 20. f4 d3 21. Qxd3 $10) ({9:+0.42} 16...
Bxe3 17. Qxe3 exd4 18. Rxd4 Rae8 19. Ng5 h6 20. Rh4 Bd7 21. Nf3 21... Bb5 $15)
17. gxf3 Bxe3 18. Qxe3 Rad8 19. Kf1 exd4 ({9:+0.19} 19... exd4 20. Qxd4 Rfe8
21. Rh5 c6 22. Qd3 Qd7 23. Rf5 Re7 24. Qd4 $10) ({9:+0.32} 19... c5 20. Rh5
exd4 21. cxd4 c4 22. Bc2 Rfe8 23. Qg5 Qe6 24. a4 $15) 20. cxd4 a5 21. a3 Rde8 (
{9:+0.17} 21... Rde8 22. Rh5 a4 23. Ba2 Qf6 24. Rd3 Qd8 25. Bd5 Nxd5 26. Rxd5
$10) ({9:+0.33} 21... a4 22. Bc2 c6 23. e5 h6 24. Rh5 Nc4 25. Qc3 25... b5 $15)
22. Kg2 a4 23. Ba2 Kh8 ({9:-0.06} 23... Kh8 24. e5 dxe5 25. dxe5 Kg8 26. Qe4 g6
27. f4 c6 28. Rh6 $10) ({9:+0.27} 23... Nd7 24. Qf4 c6 25. Qf5 Nf6 26. d5 g6
27. Qg5 $10) 24. Rh4 Nd7 25. Rdh1 Nf6 26. g4 g6 27. Qh6 c5 ({9:-0.81} 27... c5
28. g5 Nh5 29. Rxh5 gxh5 30. Rxh5 f6 31. dxc5 dxc5 32. g6 c4 33. Bxc4 $16) ({
9:-0.41} 27... Rd8 $14) 28. g5 Nh5 29. Rxh5 gxh5 30. Rxh5 f5 31. g6 c4 32. Bxc4
d5 33. Bxd5 Rf7 34. gxf7 Qxf7 35. Bxf7 Rg8+ 36. Bxg8 Kxg8 37. Rxf5 Kh8 38. Rf8#
1-0

[Event "ICS rated blitz match"]
[Site "207.99.83.227"]
[Date "1999.04.13"]
[Round "?"]
[White "Hossa"]
[Black "randyschain"]
[Result "1-0"]
[WhiteElo "2434"]
[BlackElo "2200"]
[PlyCount "67"]

1. e4 c5 2. Bc4 e6 3. Nc3 Nf6 4. Nf3 a6 5. e5 Ng8 6. O-O Nc6 7. d3 d5 8. exd6
Bxd6 9. Ne4 Be7 10. Be3 b6 11. d4 cxd4 12. Nxd4 Bb7 13. Nxc6 Bxc6 14. Qg4 Bxe4
15. Qxe4 Nf6 16. Qc6+ Nd7 17. Bxb6 Qc8 18. Qa4 O-O 19. Bd4 Bf6 20. Bxf6 Nxf6
21. Rfd1 Qb7 22. Qb3 Qc6 23. Qd3 Rfc8 24. Qe2 h6 25. Rd4 Rab8 26. Bxa6 Qxc2 27.
Rd8+ Rxd8 28. Qxc2 Rd6 29. Be2 Rbd8 30. Rd1 Nd5 31. Bf3 Nb4 32. Rxd6 Rxd6 33.
Qc5 Rd2 34. Qxb4 {randyschain resigns} 1-0

[Event "ICS rated blitz match"]
[Site "207.99.83.227"]
[Date "1999.04.13"]
[Round "?"]
[White "randyschain"]
[Black "Hossa"]
[Result "0-1"]
[WhiteElo "2121"]
[BlackElo "2434"]
[PlyCount "46"]

1. e4 d6 2. d4 e6 3. Nc3 Nf6 4. Bc4 d5 5. Bd3 dxe4 6. Nxe4 Be7 7. Nf3 O-O 8.
O-O Nc6 9. c3 Nd5 10. Qc2 Kh8 11. Re1 Bd7 12. Bd2 Qc8 13. Rad1 Qe8 14. Bc1 Rd8
15. a3 Na5 16. c4 Ba4 17. Qd2 Bxd1 18. Qxa5 Bxf3 19. cxd5 Bxe4 20. Bxe4 Bf6 21.
Qxc7 exd5 22. Qf4 dxe4 23. Rxe4 23... Rxd4 {randyschain resigns} 0-1

[Event "ICS rated blitz match"]
[Site "207.99.83.227"]
[Date "1999.04.13"]
[Round "?"]
[White "Hossa"]
[Black "BigHurricane"]
[Result "0-1"]
[WhiteElo "2434"]
[BlackElo "2524"]
[Annotator "Crafty v16.6"]
[PlyCount "134"]

{annotating for player Hossa using a scoring margin of +0.10 pawns. search
time limit is 20.00} 1. e4 1... c5 2. Bc4 e6 3. Nc3 a6 4. a4 ({9:+0.06} 4. a4
4... Nf6 5. e5 d5 6. exd6 Bxd6 7. Nf3 Nc6 8. O-O 8... O-O $10) ({9:+0.32} 4.
Nf3 4... Nc6 5. d4 b5 6. Be2 b4 7. Na4 cxd4 8. Nxd4 8... Nge7 $14) 4... Nc6 5.
Nf3 Nf6 6. O-O d5 7. exd5 exd5 8. Bb3 Be7 9. d3 O-O 10. Re1 h6 11. Ne5 Nxe5 12.
Rxe5 Be6 13. Qe1 Qd7 14. Bxd5 Nxd5 15. Nxd5 Bxd5 16. Rxe7 Rae8 17. Re3 f5 18.
f4 ({8:+0.81} 18. f4 18... Bc6 19. Qf2 c4 20. Ra3 Bxa4 21. Rxe8 Rxe8 22. dxc4
$16) ({8:+1.12} 18. f3 18... Bc6 19. Qf2 c4 20. Qh4 Rxe3 21. Bxe3 cxd3 22. Qc4+
Qd5 23. Qxd3 Qxd3 24. cxd3 $16) 18... g5 19. fxg5 f4 20. Rxe8 Rxe8 21. Qd1 hxg5
22. Bd2 f3 23. gxf3 Qf5 24. Kf2 ({10:-2.31} 24. Kf2 24... Qh3 25. Qh1 Rf8 26.
Bxg5 Rxf3+ 27. Ke2 Qe6+ 28. Kd1 Rxd3+ 29. cxd3 Bxh1 30. h4 $19) ({10:-1.50} 24.
Qf1 24... Bxf3 25. Be1 Re2 26. c4 Qxd3 27. Ra3 Qd4+ 28. Bf2 Qg4+ 29. Bg3 Qd4+
30. Bf2 $17) 24... g4 25. f4 Bf3 26. Qf1 Qh5 27. Kg1 Re2 28. Qxe2 Bxe2 29. Re1
Bf3 30. a5 Qh3 31. Kf2 Qxh2+ 32. Ke3 g3 33. Kxf3 Qf2+ 34. Kg4 Qxd2 35. Rg1 g2
36. Kf3 Qxa5 37. Rxg2+ Kf7 38. Re2 b5 39. c3 Qb6 40. Re5 a5 41. Rf5+ Ke6 42.
Re5+ Kd6 43. Ke3 b4 44. d4 cxd4+ 45. cxd4 a4 46. Rh5 Qb8 47. Ra5 a3 48. bxa3 b3
49. Ra6+ Kd7 50. Rh6 b2 51. Rh7+ Ke6 52. Rh1 b1=Q 53. Rxb1 Qxb1 54. a4 Kd5 55.
Kf2 Kxd4 56. a5 Ke4 57. f5 Kxf5 58. Ke3 Qb3+ 59. Kd4 Qb4+ 60. Kd5 Qxa5+ 61. Kd4
Qe5+ 62. Kc4 Ke4 63. Kb3 Qc5 64. Ka4 Qb6 65. Ka3 Kd4 66. Ka4 Kc3 67. Ka3 Qa5#
0-1

[Event "ICS rated blitz match"]
[Site "207.99.83.227"]
[Date "1999.04.13"]
[Round "?"]
[White "Hu-Jazz"]
[Black "Hossa"]
[Result "1-0"]
[WhiteElo "2394"]
[BlackElo "2425"]
[Annotator "Crafty v16.6"]
[PlyCount "115"]

{annotating for player Hossa using a scoring margin of +0.10 pawns. search
time limit is 20.00} 1. c4 1... e5 2. Nc3 Nf6 3. Nf3 Nc6 4. d4 exd4 5. Nxd4 Bb4
({9:+0.13} 5... Bb4 6. Nxc6 bxc6 7. Qd4 O-O 8. Bg5 Be7 9. Rd1 Nd5 10. Bxe7
10... Nxe7 $10) ({9:+0.29} 5... Nxd4 6. Qxd4 Be7 7. e4 O-O 8. Be2 c5 9. Qe5 d6
10. Qg5 $10) 6. Bg5 Bxc3+ 7. bxc3 h6 ({9:-0.04} 7... h6 8. Nxc6 bxc6 9. Bh4 c5
10. e3 O-O 11. Qf3 Rb8 12. Bxf6 Qxf6 13. Qxf6 13... gxf6 $10) ({9:+0.08} 7...
Ne5 8. Nb5 a6 9. Bxf6 gxf6 10. Qa4 b6 11. f4 Ng4 12. f5 $10) 8. Bh4 g5 ({
9:-0.13} 8... g5 9. Bg3 Ne4 10. Nxc6 dxc6 11. Qxd8+ Kxd8 12. Rd1+ Bd7 13. Be5
f6 14. Bd4 14... Bg4 $10) ({9:+0.04} 8... Ne5 9. Nb5 a6 10. Bxf6 gxf6 11. Qa4
b6 12. f4 Ng4 13. f5 $10) 9. Bg3 O-O ({10:-0.80} 9... O-O 10. h4 Nh5 11. Qd3
Nxg3 12. Qxg3 d6 13. hxg5 Qxg5 14. Qf3 Bg4 15. Qe4 $16) ({10:-0.04} 9... Ne4
10. Nxc6 dxc6 11. Bxc7 Qxc7 12. Qd4 O-O 13. Qxe4 Rd8 14. h4 f5 15. Qe3 $10) 10.
Nxc6 dxc6 11. Qxd8 Rxd8 12. Bxc7 Rd7 13. Be5 Ne4 14. f3 Nd2 ({11:-0.75} 14...
Nd2 15. c5 Nc4 16. Bd4 Rd8 17. e4 Be6 18. Bxc4 Bxc4 19. Kd2 b6 20. cxb6 20...
axb6 $16) ({11:-0.49} 14... f6 15. Bd4 c5 16. Be3 Nxc3 17. Bxc5 Rc7 18. Bd4
Rxc4 19. Bxf6 19... Bf5 $14) 15. e4 Nxf1 16. Rxf1 f5 17. Bf6 fxe4 18. fxe4 c5 (
{10:-0.95} 18... c5 19. Rf3 Rf7 20. e5 Be6 21. Re3 Bxc4 22. Rh3 Rh7 23. Re3 $16
) ({10:-0.82} 18... b6 19. Rf3 Ba6 20. c5 bxc5 21. Rh3 Re8 22. e5 Kh7 23. Re3
$16) 19. e5 Rd3 20. Rf3 Rxf3 21. gxf3 Be6 22. Rb1 b6 23. Rd1 Rf8 24. a3 Rf7 ({
11:-0.82} 24... Rf7 25. Rd6 Bxc4 26. e6 Rf8 27. e7 Re8 28. h4 gxh4 29. Bxh4 Kh7
30. Rd8 Bb5 31. Rxe8 31... Bxe8 $16) ({11:-0.46} 24... Kh7 25. Kf2 Bxc4 26. h4
Kg6 27. Rg1 Rxf6 28. exf6 Kxf6 29. hxg5+ $14) 25. Rd6 Bxc4 26. Kd2 Kh7 27. Ke3
Kg6 28. Ke4 Kh5 ({11:-0.66} 28... Kh5 29. Kf5 Rf8 30. e6 Bb3 31. e7 Re8 32. Rd8
Ba4 33. c4 Bc6 34. Rxe8 34... Bxe8 $14) ({11:-0.44} 28... Ba6 29. h4 Bb7+ 30.
Ke3 Kf5 31. hxg5 hxg5 32. c4 Ba6 33. Kd3 Kf4 34. Rd5 34... b5 $14) 29. Kf5 Rf8
30. e6 Re8 ({10:-1.57} 30... Re8 31. e7 Bb3 32. Bg7 Bc2+ 33. Kf6 Bg6 34. f4 b5
35. f5 Bh7 36. Kf7 $18) ({10:-0.68} 30... Rg8 31. e7 Bb5 32. c4 Be8 33. Ke5 Kh4
34. Ke4 Bg6+ 35. Ke3 Re8 36. Rd7 $14) 31. e7 Bb3 32. Bg7 Bc2+ 33. Ke6 Kg6 34.
Bxh6 g4 35. fxg4 Ba4 36. Bf4 Bb5 37. h4 Be2 38. h5+ Kg7 39. h6+ Kg6 40. Kd7+
Kf7 41. Rf6+ Kxf6 42. Kxe8 Bb5+ 43. Kd8 Kf7 44. Bb8 a5 45. Bc7 Kg6 46. g5 Bc6
47. Bxb6 Kh7 48. Bxa5 Ba4 49. e8=Q Bxe8 50. Kxe8 Kg6 51. Bd8 c4 52. h7 Kxh7 53.
Kf7 Kh8 54. Bf6+ Kh7 55. g6+ Kh6 56. g7 Kh7 57. g8=Q+ Kh6 58. Qg6# 1-0

[Event "ICS rated blitz match"]
[Site "207.99.83.227"]
[Date "1999.04.13"]
[Round "?"]
[White "Hossa"]
[Black "SABINAH"]
[Result "1-0"]
[WhiteElo "2408"]
[BlackElo "2070"]
[PlyCount "78"]

1. e4 c6 2. Nc3 d5 3. exd5 cxd5 4. Nf3 Bg4 5. Be2 e6 6. O-O Nc6 7. d3 Nf6 8.
Ng5 Bxe2 9. Qxe2 Bd6 10. Nb5 Bb8 11. Bd2 O-O 12. Rae1 a6 13. Nc3 Qd6 14. f4 h6
15. Nf3 b5 16. Kh1 Nb4 17. Be3 Ba7 18. Bxa7 Rxa7 19. Nd4 Rc7 20. a3 Nc6 21.
Ncxb5 axb5 22. Nxb5 Qd8 23. Nxc7 Qxc7 24. Qf2 Rb8 25. Rb1 d4 26. Rfe1 Nd5 27.
f5 Ne3 28. fxe6 fxe6 29. Qe2 Ne7 30. c4 Rb3 31. Ra1 Qb7 32. Rab1 N7f5 33. Rg1
h5 34. Qxh5 Rxb2 35. Rxb2 Qxb2 36. Qg6 Qf2 37. Qxe6+ Kh7 38. Qe4 Qa2 39. g4
39... Qe2 {SABINAH resigns} 1-0

[Event "ICS rated blitz match"]
[Site "207.99.83.227"]
[Date "1999.04.13"]
[Round "?"]
[White "SABINAH"]
[Black "Hossa"]
[Result "0-1"]
[WhiteElo "2066"]
[BlackElo "2412"]
[PlyCount "66"]

1. e4 c5 2. Nf3 Nc6 3. d4 cxd4 4. Nxd4 Qb6 5. Nb3 Nf6 6. Nc3 e6 7. Be3 Qd8 8.
a3 Be7 9. f3 O-O 10. Qd2 d5 11. exd5 Nxd5 12. Nxd5 exd5 13. O-O-O Re8 14. Qxd5
Qxd5 15. Rxd5 Bxa3 16. bxa3 Rxe3 17. Bb5 Be6 18. Bxc6 bxc6 19. Rc5 Bxb3 20.
cxb3 Rxb3 21. Rxc6 Rxa3 22. Kb2 Re3 23. Rhc1 Rb8+ 24. Ka2 h5 25. Rc8+ Rxc8 26.
Rxc8+ Kh7 27. Rc7 Re2+ 28. Kb3 Rxg2 29. Rxf7 Rxh2 30. Rxa7 Rf2 31. Rf7 h4 32.
Rf4 g5 33. Rg4 33... Rxf3+ {SABINAH resigns} 0-1

[Event "ICS rated blitz match"]
[Site "207.99.83.227"]
[Date "1999.04.13"]
[Round "?"]
[White "Hossa"]
[Black "Etan"]
[Result "1-0"]
[WhiteElo "2416"]
[BlackElo "2298"]
[PlyCount "71"]

1. e4 d6 2. d4 e6 3. Nc3 g6 4. Nf3 Bg7 5. Bc4 Ne7 6. O-O O-O 7. e5 d5 8. Bd3 h6
9. Be3 b6 10. Qd2 Kh7 11. Kh1 Ba6 12. Bxa6 Nxa6 13. Rae1 c6 14. Rg1 Qd7 15.
Ref1 c5 16. dxc5 bxc5 17. Ne4 Qc7 18. Nf6+ Bxf6 19. exf6 Ng8 20. Re1 Qd8 21.
Qd3 Nb4 22. Qb3 Rb8 23. Bxc5 Na6 24. Ng5+ hxg5 25. Qh3+ Nh6 26. Bxf8 Qxf8 27.
Qd3 Nc5 28. Qd4 Nd7 29. Qxa7 Nxf6 30. Qd4 Ne4 31. Rgf1 Nf5 32. Qe5 Qc5 33. Rxe4
f6 34. Qxb8 dxe4 35. Qb7+ Kh6 36. Qxe4 {Etan resigns} 1-0

[Event "ICS rated blitz match"]
[Site "207.99.83.227"]
[Date "1999.04.13"]
[Round "?"]
[White "SABINAH"]
[Black "Hossa"]
[Result "0-1"]
[WhiteElo "2058"]
[BlackElo "2427"]
[PlyCount "37"]

1. e4 c5 2. Nf3 Nc6 3. d4 cxd4 4. Nxd4 Qb6 5. Nb3 Nf6 6. Nc3 e6 7. Be3 Qd8 8.
f3 Bb4 9. a3 Bxc3+ 10. bxc3 d5 11. exd5 Nxd5 12. Bd4 e5 13. Qe2 Qc7 14. f4 Nxf4
15. Qe4 Be6 16. Bc5 b6 17. Bf2 Bd5 18. Qe3 Bxg2 19. Bxg2 {SABINAH resigns} 0-1

[Event "ICS Rated blitz match"]
[Site "207.99.83.227"]
[Date "1999.04.13"]
[Round "?"]
[White "Hossa"]
[Black "xypher"]
[Result "0-1"]
[WhiteElo "2436"]
[BlackElo "2719"]
[Annotator "Crafty v16.6"]
[PlyCount "119"]

{annotating for player Hossa using a scoring margin of +0.10 pawns. search
time limit is 20.00} 1. e4 1... e5 2. Nf3 Nc6 3. Bb5 Nf6 4. O-O Bc5 5. Bxc6
dxc6 6. Nxe5 Nxe4 7. Qe2 ({8:+0.18} 7. Qe2 7... Qd5 8. Ng6 hxg6 9. Nc3 Qd6 10.
Qxe4+ Be6 11. h3 $10) ({8:+0.51} 7. Qe1 7... Qd5 8. Nc3 Qxe5 9. Qxe4 f6 10. Qc4
10... Bf5 $14) 7... Qd5 8. d4 Bxd4 9. Nf3 Be6 10. c4 ({9:-1.03} 10. c4 10...
Qxc4 11. Qxc4 Bxf2+ 12. Rxf2 Bxc4 13. Nbd2 Nxf2 14. Kxf2 14... Bd3 $17) ({
9:-0.05} 10. Nxd4 10... Qxd4 11. Rd1 Qb4 12. b3 Nd6 13. Ba3 Qg4 14. f3 14...
Qf4 $10) 10... Qxc4 11. Qxc4 Bxc4 12. Nxd4 Bxf1 13. Kxf1 O-O-O 14. Be3 Rhe8 15.
Na3 Rd5 16. Nb3 a5 17. Re1 a4 18. Nc1 Nd6 19. b3 ({9:-0.60} 19. b3 19... Kd7
20. Nc2 c5 21. bxa4 c4 22. Ne2 Ne4 23. Nf4 $15) ({9:-0.31} 19. Ne2 19... Nf5
20. Nc3 Nxe3+ 21. fxe3 Rde5 22. e4 b5 23. Nc2 Kd7 24. Ke2 $15) 19... Nf5 20.
Nc2 Kd7 21. Kg1 ({9:-0.84} 21. Kg1 21... c5 22. Kf1 axb3 23. axb3 Re4 24. Ne2
Rd3 25. Ng3 Nxg3+ 26. hxg3 Rxb3 27. Bxc5 Rxe1+ 28. Kxe1 $17) ({9:-0.47} 21. Bf4
21... Rxe1+ 22. Kxe1 c5 23. g4 Nh4 24. Ke2 Ng6 25. Bg3 axb3 26. axb3 $15) 21...
Re4 22. Ne2 Rd3 23. Nc1 Rc3 24. Rd1+ Ke7 25. Rd2 ({9:-1.29} 25. Rd2 25... axb3
26. Nxb3 Rec4 27. Nba1 Nxe3 28. fxe3 c5 29. Kf2 Re4 30. Nb3 $17) ({9:-1.05} 25.
Re1 25... Rxc2 26. Bg5+ Kd7 27. Rxe4 f6 28. Bf4 g5 29. Re2 Rxe2 30. Nxe2 gxf4
31. Nxf4 axb3 32. axb3 $17) 25... axb3 26. Nxb3 Rec4 27. Nba1 Nxe3 28. fxe3 Ra4
29. a3 f5 30. h3 Ra5 31. g4 fxg4 32. hxg4 Rc4 33. Rd4 Rac5 34. Rxc4 Rxc4 35.
Kf2 Rxg4 36. Nb3 c5 37. Na5 b6 38. Nc6+ Kd6 39. Nd8 Rg6 40. Ke1 Rf6 41. e4 Rf8
42. e5+ Kxe5 43. Nc6+ Kd6 44. Na7 c6 45. Ne3 Kc7 46. a4 Re8 47. Kd2 Rxe3 48.
Kxe3 h5 49. Kf4 c4 50. Ke4 h4 51. Ke3 h3 52. a5 bxa5 53. Kf3 a4 54. Kg3 c3 55.
Kxh3 c2 56. Kg4 c1=Q 57. Kf5 a3 58. Ke6 a2 59. Kf7 Qc4+ 60. Kg6 0-1

[Event "ICS rated blitz match"]
[Site "207.99.83.227"]
[Date "1999.04.13"]
[Round "?"]
[White "TDChess"]
[Black "Hossa"]
[Result "0-1"]
[WhiteElo "2582"]
[BlackElo "2431"]
[PlyCount "102"]

1. d4 Nf6 2. Nf3 e6 3. e3 Be7 4. Bd3 O-O 5. c4 d6 6. O-O Nc6 7. Nc3 e5 8. Qb3
Bg4 9. Qxb7 Bxf3 10. gxf3 exd4 11. Qxc6 dxc3 12. bxc3 Qd7 13. Qb5 Rab8 14. Qa6
c6 15. e4 Ng4 16. Be2 Ne5 17. f4 Ng6 18. f5 Nh4 19. Be3 Bf6 20. Rab1 Rxb1 21.
Rxb1 Qe8 22. f3 Nxf5 23. Bxa7 Ne7 24. Be3 Kh8 25. Rb3 Be5 26. f4 Bf6 27. c5 d5
28. e5 Bh4 29. Qd3 Qa8 30. a3 Qc8 31. c4 Rd8 32. a4 Qe6 33. Qd2 Qg6+ 34. Kf1 d4
35. Rd3 Ra8 36. Rxd4 Rxa4 37. Qd1 Ra2 38. Bd2 Nf5 39. Rd3 h6 40. Bb4 Rb2 41.
Ba3 Rb1 42. Bc1 Be7 43. Rd8+ Bxd8 44. Qxd8+ Kh7 45. Qd2 Rb3 46. Qd1 Rh3 47. Bd3
Rxh2 48. Qf3 Kh8 49. Be4 Ra2 50. Bd3 Ra1 51. Kf2 51... Rxc1 {TDChess resigns}
0-1

[Event "ICS rated blitz match"]
[Site "207.99.83.227"]
[Date "1999.04.13"]
[Round "?"]
[White "Hossa"]
[Black "grig"]
[Result "1-0"]
[WhiteElo "2454"]
[BlackElo "2162"]
[PlyCount "38"]

1. e4 e5 2. Nf3 Nc6 3. Bc4 Be7 4. Nc3 Nf6 5. d4 d6 6. dxe5 dxe5 7. Qxd8+ Bxd8
8. Bg5 O-O 9. O-O-O Bg4 10. Be3 Be7 11. Bb5 Bd6 12. Bxc6 bxc6 13. Bg5 Rab8 14.
Bxf6 gxf6 15. Rd3 Rb4 16. a3 Rb7 17. Nd2 Rfb8 18. Rg3 f5 19. h3 19... h6 {
grig resigns} 1-0

[Event "ICS Rated standard match"]
[Site "207.99.83.227"]
[Date "1999.04.13"]
[Round "?"]
[White "valcu"]
[Black "Hossa"]
[Result "0-1"]
[WhiteElo "2114"]
[BlackElo "2228"]
[PlyCount "128"]

1. e4 d6 2. Nc3 Nf6 3. d4 Nbd7 4. Nf3 e5 5. Bg5 Be7 6. dxe5 dxe5 7. Bxf6 Bxf6
8. Qd2 O-O 9. O-O-O c6 10. Qe1 Qe7 11. g3 Rd8 12. Qd2 Qb4 13. Qe3 b5 14. Bh3
Qa5 15. Bxd7 Bxd7 16. Qc5 Qb6 17. Qxb6 axb6 18. a3 Bg4 19. Rxd8+ Rxd8 20. Ne1
Bg5+ 21. Kb1 Bd2 22. Nd3 Bf3 23. Rg1 Bxc3 24. bxc3 Bxe4 25. Nxe5 Rd2 26. Nd3
Bxd3 27. cxd3 Rxf2 28. h4 f5 29. Re1 Rf3 30. Re6 Rxg3 31. Rxc6 Rxd3 32. Rxb6
Rxc3 33. Rxb5 g6 34. Rb8+ Kg7 35. Rb7+ Kh6 36. Kb2 Rh3 37. Rb4 Kh5 38. Rc4 Rxh4
39. Rxh4+ Kxh4 40. a4 f4 41. a5 f3 42. a6 f2 43. a7 f1=Q 44. a8=Q Qe2+ 45. Kc3
Qe1+ 46. Kd3 g5 47. Qc6 Qf1+ 48. Kd4 Qa1+ 49. Kd3 Qb1+ 50. Ke3 Qg1+ 51. Ke2 h5
52. Qf6 Qg3 53. Kf1 Qf4+ 54. Qxf4+ gxf4 55. Kg2 Kg4 56. Kf2 f3 57. Kf1 Kf4 58.
Kf2 h4 59. Kg1 Ke3 60. Kh2 f2 61. Kg2 h3+ 62. Kf1 h2 63. Kg2 f1=R 64. Kxf1
64... h1=Q# {valcu checkmated} 0-1